• 首页
  • 本馆介绍
  • 公告通知
  • 最新文献
  • 馆藏检索
  • 电子资源
  • 读者导购
  • 参考咨询
  • 我的图书馆
  • 登录
  • 详细信息显示
  • 放入我的书架
  • 预约/预借图书
  • 作者相关作品
  • 分类相关作品
  • 丛书相关作品
  • 出版社相关作品

书目信息

  • 表格格式
  • 工作单格式
  • 卡片格式
题名:
艺术与人生纵横谈
    
 
作者: 王兴国 著
分册:  
出版信息: 重庆   重庆大学出版社  2007
页数: 184页
开本: 24cm
丛书名: 人文纵横书系
单 册:
中图分类: J022
科图分类:
主题词: 艺术--关系--现实生活 , 艺术 , 现实生活
电子资源:
ISBN: 978-7-5624-4054-3
000 00994oam2 2200277 450
001 1236441139
005 20121019100749.26
010    @a978-7-5624-4054-3@dCNY24.00
100    @a20070318d2007 em y0chiy50 ea
101 0  @achi
102    @aCN@b500000
105    @aa z 000yy
200 1  @a艺术与人生纵横谈@Ayi shu yu ren sheng zong heng tan@f王兴国著
210    @a重庆@c重庆大学出版社@d2007
215    @a184页@c图@d24cm
225 2  @a人文纵横书系
308    @a丛书第一辑
330    @a本书通过“艺术活动与人生理想”、“艺术创造与人生价值”、“艺术欣赏与人生纵横谈”、“艺术本质与人生纵横谈”等几个专题的讨论,对各门艺术活动与人生的关系,艺术创作如何实现人生理想,当代青年如何通过广义的艺术创造体现其精彩的人生价值等进行了纵横捭阖地论谈。
461  0 @12001 @a人文纵横书系
606 0  @a艺术@x关系@x现实生活
606 0  @a艺术
606 0  @a现实生活
690    @aJ022@v4
701  0 @a王兴国@Awang xing guo@f(1969~)@4著
801  0 @aCN@bNLC@c20101222
905    @a10447@dJ022@eJY100
    
    艺术与人生纵横谈/王兴国著.-重庆:重庆大学出版社,2007
    184页:图;24cm.-(人文纵横书系)
    
    
    ISBN 978-7-5624-4054-3:CNY24.00
    本书通过“艺术活动与人生理想”、“艺术创造与人生价值”、“艺术欣赏与人生纵横谈”、“艺术本质与人生纵横谈”等几个专题的讨论,对各门艺术活动与人生的关系,艺术创作如何实现人生理想,当代青年如何通过广义的艺术创造体现其精彩的人生价值等进行了纵横捭阖地论谈。
●
相关链接 在E读中查询图书 在五车中查询图书 在当当中查询图书 在豆瓣中查询图书


正题名:艺术与人生纵横谈     索取号:J022/JY100         预约/预借

序号 登录号 条形码 馆藏地/架位号 状态 备注
1 7833589   278335892   学院路分馆/ [索取号:J022/JY100] 在馆    
2 7833590   278335909   学院路分馆/ [索取号:J022/JY100] 在馆    
唐山师范学院图书馆 欢迎您!
大连网信软件有限公司© 版权所有